| 000 | 01976nam a22006257a 4500 | ||
|---|---|---|---|
| 003 | AR-RoUNA | ||
| 005 | 20251110131424.0 | ||
| 008 | 251031b |||||||| |||| 00| 0 spa d | ||
| 020 | _a8437800218 | ||
| 040 |
_aAR-RoUNA _bspa _dAR-RoUNA |
||
| 041 | _aspa | ||
| 044 | _aag | ||
| 245 | 1 | 0 |
_aToda Cordoba : _b120 fotografias a todo color _n / v.8 |
| 250 | _a2a. ed. | ||
| 260 |
_aBarcelona : _bEditorial Escudo de Oro S.A, _c1980 |
||
| 300 |
_a95 p.: _bfot. col. _c24x21 cm |
||
| 490 |
_aToda España _vv. 8 |
||
| 505 | 0 | _tINDICE | |
| 505 | 0 | _tDe la Cordoba Romana al Esplendor del Califato /p.3 | |
| 505 | 0 | _tLa Cordoba Musulmana /p.6 | |
| 505 | 0 | _tLa Mezquita /p.11 | |
| 505 | 0 | _tLa Catedral /p.26 | |
| 505 | 0 | _tLa Murallas /p.29 | |
| 505 | 0 | _tEl Alcazar de los Reyes Cristianos /p.30 | |
| 505 | 0 | _tLa Sinagoga /p.35 | |
| 505 | 0 | _tLa Juderia /p.36 | |
| 505 | 0 | _tLa Ciudad /p.37 | |
| 505 | 0 | _tLos Patios Cordobeses /p.45 | |
| 505 | 0 | _tTemplos Cristianos /p.56 | |
| 505 | 0 | _tLa Semana Santa /p.60 | |
| 505 | 0 | _tLa Plaza del Potro /p.61 | |
| 505 | 0 | _tEl Museo Provincial de Bellas Artes /p.65 | |
| 505 | 0 | _tMuseo Julio Romero de Torres /p.66 | |
| 505 | 0 | _tMuseo Arqueologico /p.68 | |
| 505 | 0 | _tMuseo Historico de la Ciudad /p.72 | |
| 505 | 0 | _tMuseo Municipal de Arte Cordobes y Taurino /p.75 | |
| 505 | 0 | _tCordoba y los Toros /p.78 | |
| 505 | 0 | _tLa Diputacion Provincial /p.79 | |
| 505 | 0 | _tFolklore Cordobes /p.80 | |
| 505 | 0 | _tGastronomia Cordobesa /p.84 | |
| 505 | 0 | _tMedina Azahara/p.85 | |
| 505 | 0 | _tLa Arruzafa /p.89 | |
| 505 | 0 | _tLa Ermitas /p.91 | |
| 505 | 0 | _tLa Noche Cordobesa /p.92 | |
| 650 | 4 | _aArte | |
| 650 | 4 | _aHistoria | |
| 650 | 4 | _aMezquita | |
| 650 | 4 | _aPatrimonio de la Humanidad | |
| 651 | 4 |
_aAndalucia, España _94506 |
|
| 908 | _aImp | ||
| 930 | _e12268 | ||
| 942 |
_2ddc _cLIB |
||
| 945 |
_aMIA _d2025-10-31 |
||
| 980 |
_61 _aMaricel Allasia _85 _gMaría Machado |
||
| 999 |
_c12208 _d12208 |
||